<?xml version="1.0" encoding="UTF-8"?>
<collection xmlns="http://www.loc.gov/MARC21/slim">
 <record>
  <leader>00918pamaa2200253   4500</leader>
  <controlfield tag="001">0000050941</controlfield>
  <controlfield tag="005">20130110090000.0</controlfield>
  <controlfield tag="008">130110s2004                             eng  </controlfield>
  <datafield tag="020" ind1="0" ind2="0">
   <subfield code="a">184574067X / 9781845740672 / 1845740610 (pbk.) </subfield>
  </datafield>
  <datafield tag="090" ind1="0" ind2="0">
   <subfield code="a">D766 </subfield>
   <subfield code="b">PLA 2004</subfield>
  </datafield>
  <datafield tag="100" ind1="1" ind2="0">
   <subfield code="a">Playfair, </subfield>
   <subfield code="c">I.S.O. </subfield>
  </datafield>
  <datafield tag="245" ind1="1" ind2="4">
   <subfield code="a">The Mediterranean and Middle East  </subfield>
   <subfield code="c">I.S.O. Playfair , James Butler , C. J. C. Molony , F . C. Flynn, T. P. Gleave.</subfield>
  </datafield>
  <datafield tag="260" ind1="0" ind2="0">
   <subfield code="a">London : Naval &amp; Military Press, 2004.</subfield>
  </datafield>
  <datafield tag="300" ind1=" " ind2=" ">
   <subfield code="a">xix, 557 p. ill., maps ; 25 cm.</subfield>
  </datafield>
  <datafield tag="440" ind1="0" ind2="0">
   <subfield code="a">United Kingdom military series</subfield>
  </datafield>
  <datafield tag="501" ind1="0" ind2="0">
   <subfield code="a">FOBCAL</subfield>
  </datafield>
  <datafield tag="504" ind1="0" ind2="0">
   <subfield code="a">Includes bibliographical references and index</subfield>
  </datafield>
  <datafield tag="650" ind1="0" ind2="0">
   <subfield code="a">World War 1939-1945 -- </subfield>
   <subfield code="z">Great Britain </subfield>
  </datafield>
  <datafield tag="650" ind1="0" ind2="0">
   <subfield code="a">Great Britain -- </subfield>
   <subfield code="x">Defenses </subfield>
  </datafield>
  <datafield tag="700" ind1="1" ind2="1">
   <subfield code="a">Butler, </subfield>
   <subfield code="h">James </subfield>
  </datafield>
  <datafield tag="700" ind1="1" ind2="1">
   <subfield code="a">Molony, </subfield>
   <subfield code="h">C.J.C. </subfield>
  </datafield>
  <datafield tag="700" ind1="1" ind2="1">
   <subfield code="a">Flynn, </subfield>
   <subfield code="h">F.C. </subfield>
  </datafield>
  <datafield tag="700" ind1="1" ind2="1">
   <subfield code="a">Gleave, </subfield>
   <subfield code="h">T.P. </subfield>
  </datafield>
  <datafield tag="901" ind1=" " ind2=" ">
   <subfield code="u">http://www.naval-military-press.com</subfield>
  </datafield>
 </record>
</collection>
